000 00685nam a2200217 a 4500
005 20210219153456.0
008 991125n 000 0 spa u
035 _aUPN01000101881
100 _aTERCERO BARRAGAN, Enrique
222 _aCONESCAL :
222 _bREVISTA ESPECIALIZADA EN CONSTRUCCIONES ESCOLARES
245 _aTécnicas de análisis financiero aplicadas a la evaluación integral de un proyecto de construcción
300 _a26-41
362 _a1974 No. 32, jun.
653 0 _aANALISIS DE SISTEMAS
653 0 _aANALISIS FINANCIERO
653 0 _aCONSTRUCCIONES ESCOLARES
653 0 _aPROYECTOS ARQUITECTONICOS
904 _aAC
_b039692
905 _aArticulo
999 _c77883
_d77883